| 000 | 00540nam a2200181Ia 4500 | ||
|---|---|---|---|
| 003 | GCL | ||
| 008 | 140319s9999 xx 000 0 ara d | ||
| 040 |
_aGCL / _cGCL |
||
| 082 | 0 | 4 |
_aد _b050 _bع ا |
| 100 | 1 | _aسمير عطاالله | |
| 245 | 1 | 0 |
_aعالم النفط : نشرة اسبوعية تعنى بشؤون الطاقة / _cسمير عطاالله |
| 300 | _a15 ص | ||
| 490 |
_aموسوعة عالم الطبخ _v0 |
||
| 650 | 0 | 4 | _aالنفط |
| 650 | 0 | 4 | _aالنفط العربى |
| 650 | 0 | 4 | _aالطاقة |
| 942 |
_2ddc _cCF |
||
| 999 |
_c27074 _d27074 |
||